Click the Great Lakes on a Map - Statistics

General Stats
  • This quiz has been taken 54 times
  • The average score is 4 of 5
Answers on the Map
Answers color-coded by a green-red scale on the quiz's map according to % correct below.
 
Answer Stats
Answer % Correct
Lake Superior
88%
Lake Huron
76%
Lake Michigan
76%
Lake Ontario
76%
Lake Erie
74%
No matching quizzes found
Score Distribution
Percent of People with Each Score
Percentile by Number Answered
Your Score History
You have not taken this quiz